| 000 | 00000nam 2200000zi 4500 |
| 001 | 9.920546 |
| 003 | CaOODSP |
| 005 | 20250704130622 |
| 006 | m o d f |
| 007 | cr cn||||||||| |
| 008 | 230302t20232023onc o f000 0 fre d |
| 020 | |a9780660478739 |
| 040 | |aCaOODSP|bfre|erda|cCaOODSP |
| 043 | |an-cn--- |
| 086 | 1 |aFR5-216/2022F-PDF |
| 245 | 00|aEntrevues 2022 du Service des délégués commerciaux avec des clients potentiels. |
| 264 | 1|aOttawa (Ontario) : |bAffaires mondiales Canada = Global Affairs Canada, |c2023. |
| 264 | 4|c©2023 |
| 300 | |a1 ressource en ligne (55 pages) + |esommaire (9 pages) |
| 336 | |atexte|btxt|2rdacontent/fre |
| 337 | |ainformatique|bc|2rdamedia/fre |
| 338 | |aressource en ligne|bcr|2rdacarrier/fre |
| 500 | |aPublié aussi en anglais sous le titre : 2022 Trade Commissioner Service interviews of potential clients. |
| 500 | |a« Numéro du contrat : CW2239480. » |
| 500 | |a« Numéro d’enregistrement : POR 041-22. » |
| 610 | 16|aCanada. |bService des délégués commerciaux|xOpinion publique. |
| 650 | 6|aAttachés commerciaux|zCanada|xOpinion publique. |
| 650 | 6|aCommerce international|xPromotion|zCanada|xOpinion publique. |
| 650 | 6|aOpinion publique|zCanada. |
| 710 | 1 |aCanada. |bAffaires mondiales Canada, |eorganisme de publication. |
| 710 | 2 |aAssociés de recherche Ekos, |econsultant. |
| 775 | 08|t2022 Trade Commissioner Service interviews of potential clients.|w(CaOODSP)9.920544 |
| 856 | 40|qPDF|s720 Ko|uhttps://publications.gc.ca/collections/collection_2023/amc-gac/FR5-216-2022-fra.pdf|zRapport final |
| 856 | 40|qPDF|s320 Ko|uhttps://publications.gc.ca/collections/collection_2023/amc-gac/FR5-216-2022-1-fra.pdf|zSommaire |